| 000 | 00537nam a2200181Ia 4500 | ||
|---|---|---|---|
| 003 | OSt | ||
| 005 | 20200812131735.0 | ||
| 008 | 190216s9999||||xx |||||||||||||| ||und|| | ||
| 020 | _a9788126510467 | ||
| 040 | _coclc | ||
| 082 |
_a547 _bMAR/A |
||
| 100 |
_aMarch, Jerry _94072 |
||
| 245 | 0 |
_aAdvanced Organic Chemistry : _bReactions, Mechanisms and Structure / _cJerry March |
|
| 250 | _a4th Ed. | ||
| 260 |
_bJohn Wiley & Sons, _aNew Delhi: _c2005. |
||
| 300 | _a1495p | ||
| 942 |
_cBK _2ddc _h547 _iMAR/A _k547 _mMAR/A |
||
| 999 |
_c3368 _d3368 |
||